Atlas palinológico de la Amazonia colombiana III. Familia Melastomataceae y Mouriri (<Memecylaceae>) (Registro nro. 14160)

Detalles MARC
000 -CABECERA
Campo de control 005210000a22001330004500
090 ## - CLASIFICACIÓN LOCAL
Colección AS
Consecutivo Seriadas
041 0# - IDIOMA
Código de idioma para texto/pista de sonido o título separado
100 1# - ASIENTO PRINCIPAL--NOMBRE PERSONAL
Nombre personal Jiménez Bulla, Luis Carlos
245 10 - MENCION DE TITULO
Título Atlas palinológico de la Amazonia colombiana III. Familia Melastomataceae y Mouriri (<Memecylaceae>)
700 1# - ASIENTO SECUNDARIO - NOMBRE PERSONAL
Nombre personal Rangel Ch., J. Orlando
700 1# - ASIENTO SECUNDARIO - NOMBRE PERSONAL
Nombre personal Bogotá A., R. Giovanni
773 1# - Item fuente:
Título Revista de la Academia Colombiana de Ciencias Exactas, Fisicas y Naturales
Especificación de materiales 32
Descripción física Supl. Esp.
Paginas del Articulo 695-712
Lugar, editorial y fecha de publicación 1999
Información sobre la relación 23
942 ## - ELEMENTOS ADICIONALES (KOHA)
Tipo de ítem Artículo

No hay ítems disponibles.